| 000 | 00598nam a2200169Ia 4500 | ||
|---|---|---|---|
| 003 | GCL | ||
| 008 | 140319s9999 xx 000 0 ara d | ||
| 040 |
_aGCL / _cGCL |
||
| 082 | 0 | 4 |
_aد _b050 _bد هـ |
| 245 | 1 | 0 | _aدفاعا عن تراث طه حسين ( الهلال يونيه 2003 ) |
| 260 |
_a[S.N] : _bدار الهلال للطباعة والنشر ، _c2003 |
||
| 650 | 0 | 4 | _aاليهود |
| 650 | 0 | 4 | _aالعراق - تاريخ |
| 650 | 0 | 4 | _aالمنظمة العربية للتربية والثقافة |
| 650 | 0 | 4 | _aالاعتداء الامريكى على العراق |
| 942 |
_2ddc _cCR |
||
| 999 |
_c6663 _d6663 |
||